Normal view
MARC view
- Aiswarya Johnson
Entry Personal Name
001 - CONTROL NUMBER
- control field: 4212
003 - CONTROL NUMBER IDENTIFIER
- control field: OSt
005 - DATE AND TIME OF LATEST TRANSACTION
- control field: 20190715110529.0
008 - FIXED-LENGTH DATA ELEMENTS
- fixed length control field: 190715|| aca||aabn | a|a d
040 ## - CATALOGING SOURCE
- Original cataloging agency: OSt
- Transcribing agency: OSt
100 ## - HEADING--PERSONAL NAME
- Personal name: Aiswarya Johnson
670 ## - SOURCE DATA FOUND
- Source citation: Work cat.: (OSt): Aiswarya Johnson, Crop water requirement and irrigation scheduling of selected crops using CROPWAT: A case study of Pattambi region, 2019
